000 01034nam a2200265 i 4500
001 12513
003 ES-MaACL
005 20250808062712.0
008 011212 1995 sp ||||0| spa j
020 _a84-7914-163-8
080 _a860-141"19"(082.2)
245 0 0 _aHombre y Dios.
_nI,
_pCincuenta años de poesía española (1950-1995) /
_c[selección] por Mª Enriqueta Soriano P.-Villamil, Pilar Maicas García-Asenjo y Mª Dolores de Asís Garrote.
260 _aMadrid :
_bBiblioteca de Autores Cristianos,
_c1995.
300 _aXXXI,448 p. ;
_c20 cm.
490 1 _aBiblioteca de autores cristianos ;
_v547
504 _aBibliografía.
650 4 _aPoesías religiosas españolas-
_yS.XX.
_916248
700 1 _aSoriano Pérez-Villamil, María Enriqueta.
_9107399
700 1 _aMaicas, Pilar.
_975554
700 1 _aAsís Garrote, María Dolores de.
_923621
700 1 _aLorente Medina, Antonio.
_974118
830 0 0 _aBiblioteca de autores cristianos
_v547
_9178679
852 _aES-MaACL
_jJ-534
999 _c12513
_d12513